000 00704nam a2200217 i 4500
001 40212
003 ES-MaACL
005 20230906160150.0
007 t|
008 030305s1968 sp ||||1| cat d
100 1 _aCarner, Josep.
_935366
245 1 0 _aObres completes /
_cJosep Carner ; próleg a la poesia de María Manent ; práoleg a la prosa de Maurici Serrahima.
260 _aBarcelona :
_bBiblioteca Selecta,
_c[1968]
300 _a1395 p. ;
_c21 cm.
490 1 _aBiblioteca perenne ;
_v23
700 1 _aManent, María.
_975976
700 1 _aSerrahima, Maurici.
_9105674
830 0 _aBiblioteca perenne ;
_v23
_9183521
852 _aES-MaACL
_jC--49989
_bR.68354
999 _c40212
_d40212